|
|
|
|
| LEADER |
00000cab a2200000 a 4500 |
| 001 |
025549 |
| 003 |
UAHC_CL |
| 005 |
20180807115645.0 |
| 008 |
050531b xx j 000 1 spa |
| 952 |
|
|
|0 0
|1 0
|4 0
|6 ANTIQUITY_282_99_000000000000000
|7 0
|8 General
|9 51710
|a BC
|b BC
|c General
|d 2017-08-03
|l 0
|o ANTIQUITY-282/99
|p FICTICIO532
|r 2019-01-08 00:00:00
|t 1
|w 2017-08-03
|y REVA
|
| 999 |
|
|
|c 25549
|d 25549
|
| 040 |
|
|
|a UAHC_CL
|c UAHC_CL
|d UAHC_CL
|
| 100 |
1 |
|
|a Finlayson, Bill
|
| 245 |
1 |
0 |
|a Understanding the initial colonization of Scotland /
|c Bill Finlayson.
|
| 500 |
|
|
|a Antiquity 73 (1999): 879Ð884
|
| 520 |
|
|
|a Discussion of the colonization of Scotland in the post-glacial period has long perplexed scholars, because of drowned coasts and archaeological evidence. This paper presents data and new speculation on the subject.
|
| 653 |
|
|
|a ANTROPOLOGIA
|
| 773 |
0 |
|
|t Anthropology Today.
|w 025359
|
| 900 |
|
|
|a ANTIQUITY-282/99
|
| 942 |
|
|
|c REVA
|2 ddc
|